| 000 | 00434nam a2200169Ia 4500 | ||
|---|---|---|---|
| 008 | 110201s9999 xx 000 0 und d | ||
| 082 |
_bB8035 _aA 38 |
||
| 100 | _aAcherkn N. | ||
| 245 | _aMachine Tool Design ( Vol - 3 ) | ||
| 260 | _bMir Publisher | ||
| 365 | _b621 | ||
| 600 | _aAcherkn N. | ||
| 630 | _aMachine Tool Design ( Vol - 3 ) | ||
| 700 | _aAcherkn N. | ||
| 730 | _aMachine Tool Design ( Vol - 3 ) | ||
| 942 | _cBOOK | ||
| 999 |
_c833531 _d833528 |
||